| 000 | 01281nam2a22002411 4500 | ||
|---|---|---|---|
| 001 | RU\NLR\INFOCOMM4\1000576202 | ||
| 005 | 20250617110100.0 | ||
| 035 | _a(NLR Aleph) 002560935 | ||
| 090 |
_a3103681 _c3103681 |
||
| 100 | _a20040520d1961 |||y0rusy50 ca | ||
| 101 | 0 | _arus | |
| 102 | _aRU | ||
| 105 | _ay ||||||||| | ||
| 200 | 1 |
_aИсследование и разработка системы магнитной записи движущихся изображений _fЛаборатория электроники. Тема №15-А плана НИР 1960 г. |
|
| 210 |
_d1961 _aБ. м. |
||
| 461 | 0 |
_1001RU\NLR\INFOCOMM4\1000576061 _12001#$aНаучно-технический отчет$fМ-во культуры СССР. Всесоюз. науч.-исслед. кино-фото ин-т НИКФИ$vВып.366 _93102519 _aНаучно-исследовательский кино-фото институт (Москва) _cМ. _d1957-1963 _fМ-во культуры СССР. Всесоюз. науч.-исслед. кино-фото ин-т НИКФИ _tНаучно-технический отчет _vВып.366 |
|
| 801 | 1 |
_aRU _bInfoComm _c20040520 |
|
| 801 | 0 |
_aRU _bNLR _gPSBO |
|
| 852 |
_aNLR _jП11/1278 |
||
| 942 | _cISSUE | ||
| 980 | _aNB | ||
| 980 | _aRUSPER | ||